Music Quiz

Random Music or Song Quiz
Score 0/36 Timer 08:00
0 Plays Today
Album Song % Correct
One-XAnimal I Have Become
84.8%
One-XPain
84.6%
One-XOne-X
82.1%
Life Starts NowBreak
81.9%
One-XNever Too Late
80.2%
Life Starts NowLife Starts Now
79.5%
One-XRiot
79%
Three Days GraceBurn
73.5%
Three Days GraceJust Like You
68.9%
Three Days GraceI Hate Everything About You
67.9%
Life Starts NowWorld So Cold
64.9%
One-XOver And Over
64.3%
One-XGone Forever
64%
One-XTime of Dying
63.7%
Life Starts NowThe Good Life
62.7%
Life Starts NowLast To Know
61.1%
Life Starts NowBully
60.8%
One-XGet Out Alive
58.6%
Album Song % Correct
Three Days GraceHome
56.3%
Life Starts NowLost in You
55.6%
One-XLet It Die
55.6%
One-XIt's All Over
54.6%
Life Starts NowBitter Taste
54.3%
Life Starts NowSomeone Who Cares
51.1%
Three Days GraceNow Or Never
49.8%
Life Starts NowGoin' Down
49.2%
One-XOn My Own
47.9%
Three Days GraceScared
47.1%
Three Days GraceDrown
46.8%
Three Days GraceWake Up
45.6%
Life Starts NowNo More
42.7%
Life Starts NowWithout You
42.7%
Three Days GraceBorn Like This
41.3%
Three Days GraceLet You Down
40%
Three Days GraceOverrated
24.9%
Three Days GraceTake Me Under
21.1%
Remove Ads.
Support Sporcle.
Get the best of Sporcle when you Go Orange. This ad-free experience offers more features, more stats, and more fun while also helping to support Sporcle. Thank you for becoming a member.

You're not logged in!

Compare scores with friends on all Sporcle quizzes.
OR
Log In

Show Comments

Extras

Top Quizzes Today


Score Distribution

Your Account Isn't Verified!

In order to create a playlist on Sporcle, you need to verify the email address you used during registration. Go to your Sporcle Settings to finish the process.

Report this User

Report this user for behavior that violates our Community Guidelines.

Details: